Big data and analytics (Record no. 33599)

MARC details
000 -LEADER
fixed length control field 00439nam a2200169Ia 4500
008 - FIXED-LENGTH DATA ELEMENTS--GENERAL INFORMATION
fixed length control field 230917s9999||||xx |||||||||||||| ||und||
020 ## - ISBN
Price RS589
040 ## - CATALOGING SOURCE
-- 258813
Original cataloging agency VIVEKANANDA LIBRARY
041 ## - Language
-- English
082 ## - DDC NUMBER
Classification number 005.7 A44B
100 ## - MAIN ENTRY--PERSONAL NAME
Personal name Acharya, Seema
245 #0 - TITLE STATEMENT
Title Big data and analytics
260 ## - PUBLICATION, DISTRIBUTION, ETC. (IMPRINT)
Place of publication, distribution, etc New Delhi
Name of publisher, distributor, etc Wiley India
Date of publication, distribution, etc 2019
300 ## - PHYSICAL DESCRIPTION
Pages xxii, 334 p.
500 ## - GENERAL NOTE
General note 3695 04/11/2019 HBD19/8056 09/12/2019 Main Budget
942 ## - ADDED ENTRY ELEMENTS (KOHA)
Koha item type Books
Holdings
Withdrawn status Lost status Damaged status Not for loan Location (home branch) Sublocation or collection (holding branch) Shelving location Date acquired Koha issues (times borrowed) Koha full call number Accession No. Koha date last seen Koha item type
        VIVEKANANDA LIBRARY VIVEKANANDA LIBRARY IMSAR Library     005.7 A44B 391047 17/09/2023 Books
© Designed and Maintained by Vivekananda Library, MDU Rohtak